000 00362 a2200145 4500
001 60249
082 _a515.353 HAB
090 _c36992
_d36992
100 _aHaberman, R.
245 _aElementary applied partial differential equations with fourier series
250 _a3
260 _aN J
_bPrentice Hall
_c1998
300 _axv, 736
518 _a7/5/2010
942 _aNUST CAE
_k515.353 HAB
999 _c295322
_d295322